Prueba de Vietnam - Estadísticas

Estadísticas generales
  • Esta prueba ha sido intentada 913 veces
  • La puntuación promedio es 12 de 20
Estadísticas de respuestas
Pista Respuesta % Correcto
Países que limitan con Vietnam Laos
97%
Países que limitan con Vietnam China
96%
Países que limitan con Vietnam Camboya
95%
Capital Hanói
95%
Cultivo básico Arroz
86%
País que colonizó Vietnam Francia
82%
La segunda religión más común, después de las "religiones populares vietnamitas" Budismo
81%
La península en la que se encuentra Vietnam Indochina
75%
La ciudad más poblada Ciudad Ho Chi Minh
72%
El único partido político Comunista
72%
El río que fluye a través de Vietnam, China y 4 otros países Mekong
65%
El antiguo nombre de esa ciudad Saigón
56%
El grupo insurgente de Vietnam del Sur que luchó contra los EE.UU. Viet Cong
48%
¿Qué tipo de comida es pho? Sopa
37%
Los apellidos que representan casi el 50% de la población Nguyen
29%
Moneda Dong
26%
Una pintoresca bahía compuesta por unas 2.000 pequeñas islas Bahía de Ha-{Long}
24%
El río que fluye a través de la capital Rojo
21%
El año nuevo vietnamita Tet
17%
Los apellidos que representan casi el 50% de la población Tran
12%
No se encontraron pruebas coincidentes
Distribución de puntuación
Porcentaje de gente con cada puntuación
Porcentaje por número respondido
Historial de tus puntuaciones
No has intentado esta prueba.